|
|
|
|
| LEADER |
00000cam a2200000 a 4500 |
| 001 |
vtls010108189 |
| 003 |
SK-MaSNL |
| 005 |
20260302011243.0 |
| 008 |
251001s1929 fr 000 0 fre |
| 035 |
|
|
|a urn:nbn:sk:snk-am00dl9l
|
| 035 |
|
|
|a urn:nbn:sk:snk-am3i5yr
|
| 035 |
|
|
|a 69757814-D039-41FA-95B7-77B34364E207
|
| 040 |
|
|
|a SNK
|b slo
|c SNK
|e AACR2
|
| 041 |
0 |
|
|a fre
|
| 044 |
|
|
|a fr
|c FR
|
| 080 |
|
|
|a 94(437)
|2 1981
|
| 100 |
1 |
|
|a Mirkine-Guetzévitch, Boris,
|d 1892-1955
|4 aut
|9 651484
|
| 245 |
1 |
2 |
|a La Tchécoslovaquie
|b Documents de politique contemporaine
|c par B. Mirkine-Guetzevitch et André Tibal
|
| 260 |
|
|
|a Paris
|b Delagrave
|c 1929
|
| 300 |
|
|
|a 119 s.
|b mp.
|c 8°
|
| 490 |
1 |
|
|a Bibliotheque d'histoire et de politique
|
| 500 |
|
|
|a Avec 32 textes et une carte
|
| 650 |
0 |
7 |
|a politické dejiny
|2 SNKPH
|9 69271
|
| 650 |
0 |
7 |
|a vznik Československa (1918)
|2 SNKPH
|9 134041
|
| 651 |
|
7 |
|a Československo
|x dejiny
|2 SNKPH
|9 161432
|
| 651 |
|
7 |
|a Slovensko
|x dejiny
|2 SNKPH
|9 13278
|
| 651 |
|
7 |
|a Česko
|x dejiny
|2 SNKPH
|9 58420
|
| 655 |
|
7 |
|a štúdie
|2 SNKPH
|9 57033
|
| 700 |
1 |
|
|a Tibal, André,
|d 1882-1955
|4 aut
|9 179351
|
| 830 |
|
0 |
|a Bibliotheque d'histoire et de politique
|9 418020
|
| 852 |
|
|
|a Slovenská národná knižnica
|
| 958 |
|
|
|a EUIPO
|
| 958 |
|
|
|a OND
|
| 999 |
|
|
|c 1005437
|d 1007367
|
| 952 |
|
|
|a SNK
|b SNK
|y VYP
|7 0
|p 17A0662298
|o snkSD 6927 D1
|i snkK 2087/60
|8 3
|3 rekatalogizácia
|0 0
|1 0
|4 0
|d 2010-06-22
|l 0
|r 2026-02-24 12:33:48
|w 2026-02-24
|
| 952 |
|
|
|a SNK
|b SNK
|y VYP
|7 0
|p 17A0662297
|o snkSD 6927 D2
|i snkK 4023/71
|8 3
|0 0
|1 0
|4 0
|d 2010-06-22
|l 0
|r 2026-02-24 12:33:48
|w 2026-02-24
|
| 952 |
|
|
|a SNK
|b SNK
|y PREZ
|7 0
|p 17A0911447
|o snkSD 6927
|i snk5038/50
|0 0
|1 0
|4 0
|d 2019-08-23
|f 1
|l 0
|r 2025-11-17 00:00:00
|w 2026-02-24
|